| 000 | 00393nam a2200133Ia 4500 | ||
|---|---|---|---|
| 008 | 220217s9999||||xx |||||||||||||| ||und|| | ||
| 020 | _a978-0-07-058371-9 | ||
| 082 | _a005.1 JAW | ||
| 100 |
_aJawadekar, Waman. S _95584 |
||
| 245 | 0 | _aSoftware engineering principles and practice | |
| 260 |
_aTata mcgraw hill _bNew Delhi _c2007 |
||
| 300 | _b375 | ||
| 650 |
_aSOFTWARE ENGINEERING _91072 |
||
| 999 |
_c176607 _d176607 |
||